[Event "Torun op"]
[Site "Torun"]
[Date "2002.??.??"]
[Round "5"]
[White "Kielbowicz, K."]
[Black "Pawelec, Lukasz"]
[Result "1/2-1/2"]
[WhiteElo "1400"]
[BlackElo "1600"]
[PlyCount "66"]
[EventDate "2002.??.??"]
[EventType "swiss"]
[EventRounds "9"]
[EventCountry "POL"]
[SourceTitle "EXT 2007"]
[Source "ChessBase"]
[SourceDate "2006.11.23"]
[SourceVersion "1"]
[SourceVersionDate "2006.11.23"]
[SourceQuality "1"]

1. e4 e5 2. Nf3 Nc6 3. Bc4 Bc5 4. Nc3 d6 5. h3 Nf6 6. d3 h6 7. Qe2 Bd4 8. Nxd4 Nxd4 9. Qd1 c6 10. Bb3 Be6 11. Be3 Nxb3 12. axb3 c5 13. 0-0 0-0 14. Re1 Qd7 15. Kf1 d5 16. Bxc5 Rfe8 17. d4 exd4 18. Qxd4 dxe4 19. Rad1 Qxd4 20. Bxd4 Nd5 21. Nxd5 Bxd5 22. Bxg7 Bc6 23. Bxh6 Re6 24. Bg5 Rg6 25. Bf4 Re8 26. Rd6 Rxd6 27. Bxd6 Rd8 28. Bc5 b6 29. Ba3 Rd2 30. Rc1 e3 31. Re1 Rxf2+ 32. Kg1 Rxg2+ 33. Kf1 Rf2+ 1/2-1/2